[Event "3FoglarVeterans_SIM_A"]
[Site "?"]
[Date "2007.??.??"]
[Round "?"]
[White "Glaser, Karel"]
[Black "Glembek, Bohumir"]
[Result "1/2-1/2"]
[WhiteElo "2165"]
[BlackElo "2189"]
[PlyCount "68"]
[EventDate "2007.??.??"]
[EventType "corr"]
[SourceDate "2007.04.06"]

1. e4 Nf6 2. e5 Nd5 3. d4 d6 4. c4 Nb6 5. f4 dxe5 6. fxe5 g6 7. Nc3 Bg7 8. Nf3
c5 9. d5 Bg4 10. Bf4 N8d7 11. Qe2 e6 12. d6 O-O 13. O-O-O g5 14. Bg3 f5 15.
exf6 Qxf6 16. Re1 Bf5 17. h3 Rae8 18. Qd2 Bh6 19. Ne5 Nxe5 20. Bxe5 g4 21. Bxf6
Bxd2+ 22. Kxd2 Rxf6 23. Re5 Rd8 24. Rxc5 gxh3 25. Ke3 Rxd6 26. gxh3 Rd8 27. Be2
Rg6 28. a4 Rg3+ 29. Kf2 Rg7 30. Rg1 Rxg1 31. Kxg1 Rc8 32. Rxc8+ Nxc8 33. h4 b6
34. b4 Kf7 1/2-1/2

[Event "3FoglarVeterans_SIM_A"]
[Site "?"]
[Date "2007.??.??"]
[Round "?"]
[White "Bucek, Jiri"]
[Black "Glaser, Karel"]
[Result "1/2-1/2"]
[WhiteElo "2370"]
[BlackElo "2165"]
[PlyCount "55"]
[EventDate "2007.??.??"]
[EventType "corr"]
[SourceDate "2007.04.06"]

1. e4 e5 2. Nf3 Nc6 3. Bb5 a6 4. Ba4 Nf6 5. O-O Be7 6. Re1 b5 7. Bb3 d6 8. c3
O-O 9. h3 Na5 10. Bc2 c5 11. d4 Qc7 12. Nbd2 cxd4 13. cxd4 Nc6 14. Nb3 a5 15.
Be3 a4 16. Nbd2 Bd7 17. Rc1 Qb7 18. Qe2 Rfc8 19. Bb1 Bd8 20. dxe5 Nxe5 21. Bf4
Bc7 22. Bd3 Re8 23. Bg5 Ng6 24. Bxf6 gxf6 25. Nb1 b4 26. Bc4 Nf4 27. Qd1 Kg7
28. Nbd2 1/2-1/2

[Event "3FoglarVeterans_SIM_A"]
[Site "?"]
[Date "2007.??.??"]
[Round "?"]
[White "Bucek, Jiri"]
[Black "Miciak, Emanuel"]
[Result "1/2-1/2"]
[WhiteElo "2370"]
[BlackElo "2372"]
[PlyCount "41"]
[EventDate "2007.??.??"]
[EventType "corr"]
[SourceDate "2007.04.06"]

1. Nf3 Nf6 2. g3 d5 3. Bg2 c6 4. O-O Bg4 5. b3 Nbd7 6. Bb2 e6 7. d3 Bd6 8. Nbd2
O-O 9. Qe1 e5 10. e4 Re8 11. h3 Bh5 12. Nh4 Qc7 13. Nf5 Bf8 14. a4 Bb4 15. c3
Bf8 16. a5 Nc5 17. Ba3 h6 18. Qb1 Rad8 19. b4 Ne6 20. Re1 Ng5 21. b5 1/2-1/2

[Event "3FoglarVeterans_SIM_A"]
[Site "?"]
[Date "2007.??.??"]
[Round "?"]
[White "Ryska, Jiri"]
[Black "Leroy, Jacques"]
[Result "1/2-1/2"]
[WhiteElo "2257"]
[BlackElo "2386"]
[PlyCount "94"]
[EventDate "2007.??.??"]
[EventType "corr"]
[SourceDate "2007.04.06"]

1. Nf3 Nf6 2. d4 g6 3. g3 d5 4. Bg2 Bg7 5. O-O O-O 6. c3 Nbd7 7. Bf4 c6 8. Nbd2
Re8 9. Re1 Nh5 10. Be3 Nhf6 11. h3 e5 12. Nxe5 Nxe5 13. dxe5 Rxe5 14. Bd4 Re8
15. Qb3 Qc7 16. c4 dxc4 17. Nxc4 Be6 18. Rad1 b5 19. Qc3 Bxc4 20. Bxf6 Bxf6 21.
Qxf6 Re6 22. Qc3 Bxe2 23. Rd2 Qe7 24. Bxc6 Rc8 25. Rd7 Qxd7 26. Bxd7 Rxc3 27.
bxc3 Rd6 28. Rxe2 Rxd7 29. Re5 a6 30. a4 Rd1+ 31. Kg2 bxa4 32. Ra5 Ra1 33. c4
Kf8 34. Rxa6 Ke7 35. c5 a3 36. Ra7+ Ke6 37. c6 Ra2 38. c7 Kd7 39. Kf3 h5 40. g4
hxg4+ 41. hxg4 f6 42. Kg3 Ra1 43. Kg2 Kc8 44. Kf3 a2 45. Kg2 g5 46. Kf3 Kd7 47.
Kg2 Kc8 1/2-1/2

[Event "3FoglarVeterans_SIM_A"]
[Site "?"]
[Date "2007.??.??"]
[Round "?"]
[White "Leroy, Jacques"]
[Black "Glaser, Karel"]
[Result "1-0"]
[WhiteElo "2386"]
[BlackElo "2165"]
[PlyCount "81"]
[EventDate "2007.??.??"]
[EventType "corr"]
[SourceDate "2007.04.06"]

1. e4 e5 2. Nf3 Nc6 3. Bb5 a6 4. Ba4 Nf6 5. O-O Be7 6. d3 b5 7. Bb3 Bb7 8. Nc3
O-O 9. Bd2 d6 10. Nd5 Nxd5 11. Bxd5 Qd7 12. a4 Bf6 13. c3 Rfb8 14. Re1 Nd8 15.
d4 c6 16. Bb3 c5 17. d5 c4 18. Bc2 Bc8 19. Be3 Qc7 20. Ra3 Bg4 21. h3 Bh5 22.
g4 Bg6 23. axb5 axb5 24. Qa1 Rxa3 25. Qxa3 Qd7 26. Kg2 Nb7 27. Ra1 h6 28. Qb4
Be7 29. Ra7 Bf8 30. Nd2 h5 31. f3 Be7 32. Nb3 Qc8 33. Bd3 Nc5 34. Rxe7 Nxd3 35.
Qxd6 hxg4 36. hxg4 Bxe4 37. Kg3 Bg6 38. Nc5 Nxc5 39. Bxc5 f6 40. Rd7 Kh8 41.
Qc7 1-0

[Event "3FoglarVeterans_SIM_A"]
[Site "?"]
[Date "2007.??.??"]
[Round "?"]
[White "Leemans, Robert"]
[Black "Bucek, Jiri"]
[Result "1/2-1/2"]
[WhiteElo "2348"]
[BlackElo "2370"]
[PlyCount "36"]
[EventDate "2007.??.??"]
[EventType "corr"]
[SourceDate "2007.04.06"]

1. e4 c5 2. Nf3 g6 3. d4 cxd4 4. Nxd4 Nc6 5. Nc3 Bg7 6. Be3 Nf6 7. Bc4 O-O 8.
Bb3 d6 9. f3 Bd7 10. Qd2 Nxd4 11. Bxd4 b5 12. a4 bxa4 13. Bxa4 Bxa4 14. Rxa4
Qc7 15. O-O Rfc8 16. Rfa1 a5 17. R1a2 Nd7 18. Nd5 Bxd4+ 1/2-1/2

[Event "3FoglarVeterans_SIM_A"]
[Site "?"]
[Date "2007.??.??"]
[Round "?"]
[White "Anderson, Brian"]
[Black "Bucek, Jiri"]
[Result "1/2-1/2"]
[WhiteElo "2346"]
[BlackElo "2370"]
[PlyCount "36"]
[EventDate "2007.??.??"]
[EventType "corr"]
[SourceDate "2007.04.06"]

1. e4 c5 2. Nf3 Nc6 3. d4 cxd4 4. Nxd4 e6 5. Nc3 a6 6. Nxc6 bxc6 7. Bd3 d5 8.
O-O Nf6 9. Re1 Bb7 10. Bf4 Be7 11. Qf3 d4 12. Ne2 c5 13. c3 Bd6 14. cxd4 cxd4
15. Rac1 O-O 16. Bg5 Be7 17. a3 Rc8 18. Bf4 Nd7 1/2-1/2

[Event "3FoglarVeterans_SIM_A"]
[Site "?"]
[Date "2007.??.??"]
[Round "?"]
[White "Canibal, Jaromir"]
[Black "Bucek, Jiri"]
[Result "1/2-1/2"]
[WhiteElo "2179"]
[BlackElo "2370"]
[PlyCount "37"]
[EventDate "2007.??.??"]
[EventType "corr"]
[SourceDate "2007.04.06"]

1. e4 c5 2. c3 d5 3. exd5 Qxd5 4. d4 Nf6 5. Nf3 Bg4 6. Be2 e6 7. h3 Bh5 8. O-O
Nc6 9. Be3 cxd4 10. cxd4 Be7 11. Nc3 Qd6 12. Nb5 Qd8 13. Ne5 Bxe2 14. Qxe2 Nb4
15. Nc3 O-O 16. Rac1 Rc8 17. Qf3 Nfd5 18. Nxd5 Nxd5 19. Rxc8 1/2-1/2

[Event "3FoglarVeterans_SIM_A"]
[Site "?"]
[Date "2007.??.??"]
[Round "?"]
[White "Glaser, Karel"]
[Black "Plchut, Jan"]
[Result "1/2-1/2"]
[WhiteElo "2165"]
[BlackElo "2324"]
[PlyCount "64"]
[EventDate "2007.??.??"]
[EventType "corr"]
[SourceDate "2007.04.06"]

1. e4 e6 2. d4 d5 3. Nc3 Nf6 4. e5 Nfd7 5. f4 c5 6. Nf3 Nc6 7. Be3 cxd4 8. Nxd4
Bc5 9. Qd2 O-O 10. g3 a6 11. Bg2 Nxd4 12. Bxd4 b5 13. Ne2 Bb7 14. O-O Qc7 15.
c3 Rac8 16. Qe3 Be7 17. Rad1 Nc5 18. Bh3 Ne4 19. f5 Bg5 20. Qf3 exf5 21. Bxf5
Rce8 22. Nf4 g6 23. Nxd5 Nd2 24. Rxd2 Bxd5 25. Qxd5 Bxd2 26. Bh3 Rd8 27. Qb3
Qe7 28. a4 bxa4 29. Qxa4 Qb7 30. e6 Qe4 31. exf7+ Rxf7 32. Qb3 Be3+ 1/2-1/2

[Event "3FoglarVeterans_SIM_A"]
[Site "?"]
[Date "2007.??.??"]
[Round "?"]
[White "Anderson, Brian"]
[Black "Kostal, Jindrich"]
[Result "1/2-1/2"]
[WhiteElo "2346"]
[BlackElo "2385"]
[PlyCount "66"]
[EventDate "2007.??.??"]
[EventType "corr"]
[SourceDate "2007.04.06"]

1. e4 e5 2. Nf3 Nc6 3. Bb5 a6 4. Ba4 Nf6 5. O-O Be7 6. Re1 b5 7. Bb3 O-O 8. h3
Bb7 9. d3 d6 10. a4 Na5 11. Ba2 c5 12. Nbd2 Bc8 13. Nf1 bxa4 14. Ne3 Rb8 15.
Rf1 Bd7 16. Nd2 Ne8 17. Ndc4 Nxc4 18. Bxc4 Nc7 19. f4 exf4 20. Rxf4 Bg5 21. Rf3
Nb5 22. Nd5 Nd4 23. Rf2 Bxc1 24. Qxc1 Bb5 25. Ba2 Bc6 26. Bc4 Bb5 27. Ba2 Bc6
28. Bc4 Qh4 29. Ne3 Qg5 30. c3 Nb3 31. Bxb3 Rxb3 32. Nc4 Qxc1+ 33. Rxc1 Rd8
1/2-1/2

[Event "3FoglarVeterans_SIM_A"]
[Site "?"]
[Date "2007.??.??"]
[Round "?"]
[White "Kostal, Jindrich"]
[Black "Sage, Francois"]
[Result "1/2-1/2"]
[WhiteElo "2385"]
[BlackElo "2371"]
[PlyCount "53"]
[EventDate "2007.??.??"]
[EventType "corr"]
[SourceDate "2007.04.06"]

1. e4 e5 2. Nf3 Nf6 3. Nxe5 d6 4. Nf3 Nxe4 5. Nc3 Nxc3 6. dxc3 Be7 7. Be3 O-O
8. Qd2 Nc6 9. O-O-O Ne5 10. h4 Bg4 11. Be2 Qc8 12. Kb1 Re8 13. h5 h6 14. Nxe5
Bxe2 15. Qxe2 dxe5 16. Qb5 e4 17. g4 a6 18. Qc4 Bf6 19. Rhg1 b5 20. Qe2 Qe6 21.
g5 hxg5 22. Bxg5 Rad8 23. Rxd8 Rxd8 24. Bxf6 Qxf6 25. Qxe4 Qxf2 26. Qg4 Qf6 27.
Qe2 1/2-1/2

[Event "3FoglarVeterans_SIM_A"]
[Site "?"]
[Date "2007.??.??"]
[Round "?"]
[White "Sage, Francois"]
[Black "Miciak, Emanuel"]
[Result "1/2-1/2"]
[WhiteElo "2371"]
[BlackElo "2372"]
[PlyCount "69"]
[EventDate "2007.??.??"]
[EventType "corr"]
[SourceDate "2007.04.06"]

1. d4 Nf6 2. c4 e6 3. Nf3 b6 4. a3 Ba6 5. Qc2 Bb7 6. Nc3 c5 7. e4 cxd4 8. Nxd4
Bc5 9. Nb3 Nc6 10. Bg5 h6 11. Bh4 Nd4 12. Nxd4 Bxd4 13. Bd3 Qb8 14. Bg3 Be5 15.
O-O-O O-O 16. Kb1 Rc8 17. Qe2 a6 18. Bxe5 Qxe5 19. Rhf1 b5 20. f4 Qc5 21. cxb5
axb5 22. Rc1 Qb6 23. Nxb5 Nxe4 24. Bxe4 Bxe4+ 25. Qxe4 Qxb5 26. Rxc8+ Rxc8 27.
Rc1 Rb8 28. b4 d5 29. Qe5 Ra8 30. Kb2 g6 31. Rc5 Qf1 32. g3 Qf2+ 33. Rc2 Qa7
34. Qc3 Qb6 35. Qd2 1/2-1/2

[Event "3FoglarVeterans_SIM_A"]
[Site "?"]
[Date "2007.??.??"]
[Round "?"]
[White "Kostal, Jindrich"]
[Black "Glaser, Karel"]
[Result "1/2-1/2"]
[WhiteElo "2385"]
[BlackElo "2165"]
[PlyCount "90"]
[EventDate "2007.??.??"]
[EventType "corr"]
[SourceDate "2007.04.06"]

1. e4 e5 2. Nf3 Nc6 3. Bb5 a6 4. Ba4 Nf6 5. O-O Be7 6. Re1 b5 7. Bb3 d6 8. c3
O-O 9. h3 Na5 10. Bc2 c5 11. d4 Qc7 12. Nbd2 cxd4 13. cxd4 Nc6 14. a3 Bd7 15.
b4 Rfc8 16. Bd3 exd4 17. Nb3 Ne5 18. Bb2 Nxd3 19. Qxd3 Qc2 20. Qxc2 Rxc2 21.
Rab1 d3 22. Nbd4 Rc7 23. Rbd1 Nh5 24. Rxd3 Nf4 25. Rdd1 Bf6 26. Bc1 Ng6 27. Nf5
Bxf5 28. exf5 Ne5 29. Rxd6 Nxf3+ 30. gxf3 h5 31. Kg2 Rc2 32. Bf4 Ra2 33. Re3
Bh4 34. Bg3 Bg5 35. Rc3 Re8 36. h4 Bf6 37. Rcd3 Ra8 38. R6d5 Rc8 39. Rd6 Ra8
40. Re3 Rc2 41. a4 bxa4 42. Ra3 Rc4 43. Rxa4 Bxh4 44. Bxh4 Rxh4 45. Rb6 Rd8
1/2-1/2

[Event "3FoglarVeterans_SIM_A"]
[Site "?"]
[Date "2007.??.??"]
[Round "?"]
[White "Sage, Francois"]
[Black "Glembek, Bohumir"]
[Result "1-0"]
[WhiteElo "2371"]
[BlackElo "2189"]
[PlyCount "53"]
[EventDate "2007.??.??"]
[EventType "corr"]
[SourceDate "2007.04.06"]

1. d4 Nf6 2. c4 g6 3. Nf3 d5 4. cxd5 Nxd5 5. e4 Nb6 6. h3 Bg7 7. Nc3 c5 8. d5
O-O 9. Be3 N8d7 10. a4 Ne5 11. Nxe5 Bxe5 12. Bxc5 f5 13. a5 Nd7 14. Bd4 fxe4
15. Be2 Qc7 16. O-O Nf6 17. Nb5 Qb8 18. d6 Bxd6 19. Qb3+ Kg7 20. Nxd6 Qxd6 21.
Rfd1 h6 22. Rac1 Kh7 23. Be3 Qe6 24. Bc4 Qe5 25. Qb4 Ng8 26. Bd5 Nf6 27. Bb3
1-0

[Event "3FoglarVeterans_SIM_A"]
[Site "?"]
[Date "2007.??.??"]
[Round "?"]
[White "Sudnitsyn, Andrey V."]
[Black "Anderson, Brian"]
[Result "1/2-1/2"]
[WhiteElo "2368"]
[BlackElo "2346"]
[PlyCount "51"]
[EventDate "2007.??.??"]
[EventType "corr"]
[SourceDate "2007.04.06"]

1. Nf3 Nf6 2. g3 g6 3. Bg2 Bg7 4. O-O O-O 5. c4 d5 6. cxd5 Nxd5 7. Nc3 Nc6 8.
d4 Nb6 9. e3 Re8 10. d5 Na5 11. Nd4 Bd7 12. b4 Nac4 13. a4 a5 14. b5 Qc8 15.
Re1 Bh3 16. Bh1 Qd8 17. Qc2 Rc8 18. Rd1 Qd7 19. Ne4 Bf5 20. Qe2 Bxe4 21. Bxe4
Red8 22. h4 h5 23. Ra2 Qd6 24. f4 c6 25. dxc6 bxc6 26. Bxc6 1/2-1/2

[Event "3FoglarVeterans_SIM_A"]
[Site "?"]
[Date "2007.??.??"]
[Round "?"]
[White "Sudnitsyn, Andrey V."]
[Black "Glembek, Bohumir"]
[Result "1-0"]
[WhiteElo "2368"]
[BlackElo "2189"]
[PlyCount "83"]
[EventDate "2007.??.??"]
[EventType "corr"]
[SourceDate "2007.04.06"]

1. Nf3 Nf6 2. g3 g6 3. Bg2 Bg7 4. O-O d5 5. d3 O-O 6. Nbd2 Nc6 7. e4 dxe4 8.
dxe4 Bg4 9. h3 Be6 10. Qe2 Qc8 11. Kh2 h6 12. c3 g5 13. Nd4 Nxd4 14. cxd4 g4
15. h4 c6 16. Nc4 Rd8 17. Rd1 Bxc4 18. Qxc4 e5 19. Be3 exd4 20. Bxd4 Qe6 21.
Qxe6 fxe6 22. Be3 Ne8 23. Bf4 Nf6 24. f3 h5 25. e5 Nd5 26. Bg5 gxf3 27. Bxd8
fxg2 28. Bg5 Bxe5 29. Rd2 Rf8 30. Kxg2 Rf5 31. Re1 Kf7 32. Re4 Bf6 33. Bxf6
Kxf6 34. Rf2 e5 35. Rxf5+ Kxf5 36. Kf3 Nf6 37. Ra4 a6 38. Rb4 b5 39. Rb3 e4+
40. Kg2 Ng4 41. Rc3 Ne5 42. Ra3 1-0

[Event "3FoglarVeterans_SIM_A"]
[Site "?"]
[Date "2007.??.??"]
[Round "?"]
[White "Plchut, Jan"]
[Black "Canibal, Jaromir"]
[Result "1/2-1/2"]
[WhiteElo "2324"]
[BlackElo "2179"]
[PlyCount "36"]
[EventDate "2007.??.??"]
[EventType "corr"]
[SourceDate "2007.04.06"]

1. Nf3 Na6 2. e4 d6 3. d4 e6 4. Nc3 Be7 5. Be2 Nf6 6. O-O O-O 7. a3 c6 8. e5
Nd5 9. Ne4 dxe5 10. Bxa6 bxa6 11. dxe5 c5 12. c4 Nb6 13. Qc2 Bb7 14. Neg5 g6
15. Bf4 Qc7 16. Ne4 Rfd8 17. Rfe1 Rd7 18. h4 Rad8 1/2-1/2

[Event "3FoglarVeterans_SIM_A"]
[Site "?"]
[Date "2007.??.??"]
[Round "?"]
[White "Glaser, Karel"]
[Black "Canibal, Jaromir"]
[Result "1/2-1/2"]
[WhiteElo "2165"]
[BlackElo "2179"]
[PlyCount "66"]
[EventDate "2007.??.??"]
[EventType "corr"]
[SourceDate "2007.04.06"]

1. e4 e5 2. Nf3 Nf6 3. d4 Nxe4 4. Bd3 d5 5. Nxe5 Nd7 6. Qe2 Qe7 7. Bxe4 dxe4 8.
Bf4 Nxe5 9. Bxe5 Bf5 10. Nc3 O-O-O 11. O-O-O Qe6 12. h3 f6 13. Bg3 Bg6 14. d5
Qa6 15. Qxa6 bxa6 16. Rhe1 f5 17. f3 exf3 18. gxf3 Bf7 19. Be5 Rg8 20. f4 Rd7
21. Rg1 h6 22. a3 g5 23. Rg3 Be7 24. Rgd3 Re8 25. Rg1 Kb7 26. Kb1 Rg8 27. Rgd1
g4 28. Ne2 h5 29. c4 h4 30. Nd4 g3 31. b4 a5 32. Nc6 axb4 33. axb4 Bh5 1/2-1/2

[Event "3FoglarVeterans_SIM_A"]
[Site "?"]
[Date "2007.??.??"]
[Round "?"]
[White "Glaser, Karel"]
[Black "Sudnitsyn, Andrey V."]
[Result "0-1"]
[WhiteElo "2165"]
[BlackElo "2368"]
[PlyCount "80"]
[EventDate "2007.??.??"]
[EventType "corr"]
[SourceDate "2007.04.06"]

1. e4 c5 2. Nf3 Nc6 3. d4 cxd4 4. Nxd4 Nf6 5. Nxc6 bxc6 6. Nc3 e5 7. Bd3 Be7 8.
O-O O-O 9. Qf3 d6 10. Rb1 Be6 11. a3 d5 12. Qg3 d4 13. Ne2 c5 14. c4 Rb8 15. b3
Bd6 16. Bg5 a5 17. f4 Be7 18. f5 Bc8 19. Bh6 Nh5 20. Qg4 Qb6 21. Bd2 Nf6 22.
Qh4 Bb7 23. Ng3 Nxe4 24. f6 Bxf6 25. Qh3 Bc8 26. Nf5 g6 27. Bxe4 gxf5 28. Rxf5
Bg7 29. g4 Bxf5 30. Bxf5 h6 31. g5 Kh8 32. gxh6 Bf6 33. h7 Bg7 34. Qg2 Bh6 35.
Be1 Bf4 36. Kh1 Qf6 37. Qg4 Qc6+ 38. Qg2 Rb6 39. Bxa5 Qxg2+ 40. Kxg2 Rf6 0-1

[Event "3FoglarVeterans_SIM_A"]
[Site "?"]
[Date "2007.??.??"]
[Round "?"]
[White "Peczkowski, Marek"]
[Black "Sage, Francois"]
[Result "1/2-1/2"]
[WhiteElo "2345"]
[BlackElo "2371"]
[PlyCount "58"]
[EventDate "2007.??.??"]
[EventType "corr"]
[SourceDate "2007.04.06"]

1. e4 e5 2. Nf3 Nf6 3. d4 Nxe4 4. Bd3 d5 5. Nxe5 Nd7 6. Nxd7 Bxd7 7. O-O Bd6 8.
c4 c6 9. cxd5 cxd5 10. Qh5 O-O 11. Qxd5 Bc6 12. Qh5 g6 13. Qh3 Ng5 14. Qg4 Ne6
15. Bh6 Re8 16. Nc3 Nxd4 17. Rad1 Be5 18. f4 f5 19. Qg3 Qb6 20. Kh1 Bf6 21.
Bc4+ Kh8 22. Qf2 Rac8 23. Rfe1 Rxe1+ 24. Rxe1 Qd8 25. Bg5 Bxg5 26. fxg5 Bxg2+
27. Qxg2 Rxc4 28. Qxb7 Rc7 29. Qg2 Kg7 1/2-1/2

[Event "3FoglarVeterans_SIM_A"]
[Site "?"]
[Date "2007.??.??"]
[Round "?"]
[White "Kostal, Jindrich"]
[Black "Sudnitsyn, Andrey V."]
[Result "1/2-1/2"]
[WhiteElo "2385"]
[BlackElo "2368"]
[PlyCount "64"]
[EventDate "2007.??.??"]
[EventType "corr"]
[SourceDate "2007.04.06"]

1. e4 c5 2. Nf3 Nc6 3. d4 cxd4 4. Nxd4 Nf6 5. Nc3 e5 6. Ndb5 d6 7. Bg5 a6 8.
Na3 b5 9. Bxf6 gxf6 10. Nd5 f5 11. c3 Bg7 12. exf5 Bxf5 13. Nc2 O-O 14. Nce3
Be6 15. Bd3 f5 16. O-O Ra7 17. a4 Ne7 18. Nxe7+ Rxe7 19. axb5 axb5 20. Bxb5 d5
21. Qa4 f4 22. Nc2 Ref7 23. Rfd1 Qg5 24. Bc6 e4 25. Qb5 e3 26. Rxd5 Bxd5 27.
Qxd5 Qh6 28. Qf3 exf2+ 29. Kh1 Kh8 30. Nb4 Qh4 31. Nd3 Rf6 32. Rf1 Re6 1/2-1/2

[Event "3FoglarVeterans_SIM_A"]
[Site "?"]
[Date "2007.??.??"]
[Round "?"]
[White "Leroy, Jacques"]
[Black "Leemans, Robert"]
[Result "1/2-1/2"]
[WhiteElo "2386"]
[BlackElo "2348"]
[PlyCount "119"]
[EventDate "2007.??.??"]
[EventType "corr"]
[SourceDate "2007.04.06"]

1. e4 c5 2. Nf3 Nc6 3. d4 cxd4 4. Nxd4 Nf6 5. Nc3 e5 6. Ndb5 d6 7. Bg5 a6 8.
Na3 b5 9. Bxf6 gxf6 10. Nd5 Bg7 11. Bd3 Ne7 12. Nxe7 Qxe7 13. O-O O-O 14. c4 f5
15. Qf3 d5 16. cxd5 fxe4 17. Bxe4 Rb8 18. Rfd1 f5 19. d6 Qf6 20. Bc6 Be6 21.
Bd5 Rbd8 22. Qb3 Bf7 23. Nc2 Rxd6 24. Bxf7+ Rxf7 25. Ne3 Rd4 26. Rxd4 exd4 27.
Nd5 Qe6 28. Kf1 Qd6 29. g3 Qc5 30. Kg2 Qc6 31. Qf3 Qe6 32. Rc1 Qe4 33. Nb4 Bf8
34. Nd3 Kg7 35. Re1 Qxf3+ 36. Kxf3 Bd6 37. Rc1 Rf6 38. h4 Kf7 39. Rc6 Bb8 40.
Rc5 Kg6 41. b3 Rb6 42. Ke2 Bd6 43. Rd5 Kf6 44. Ne1 d3+ 45. Rxd3 Rc6 46. Nf3 Ba3
47. Nd4 Rc5 48. Rd2 Rd5 49. Nf3 Rxd2+ 50. Kxd2 Bc5 51. Ke2 Bb6 52. b4 Ba7 53.
Ng5 h6 54. Nf3 Ke6 55. Ne1 Kd5 56. Ng2 Kc4 57. Ne3+ Kxb4 58. Nxf5 Ka3 59. g4
Kxa2 60. g5 1/2-1/2

[Event "3FoglarVeterans_SIM_A"]
[Site "?"]
[Date "2007.??.??"]
[Round "?"]
[White "Sage, Francois"]
[Black "Anderson, Brian"]
[Result "1/2-1/2"]
[WhiteElo "2371"]
[BlackElo "2346"]
[PlyCount "113"]
[EventDate "2007.??.??"]
[EventType "corr"]
[SourceDate "2007.04.06"]

1. d4 Nf6 2. c4 g6 3. Nf3 Bg7 4. g3 O-O 5. Bg2 c6 6. O-O d5 7. cxd5 cxd5 8. Nc3
Ne4 9. Qb3 Nc6 10. Bf4 Nxc3 11. bxc3 Na5 12. Qb4 b6 13. h4 Bb7 14. Rad1 Rc8 15.
Nd2 Qd7 16. Rfe1 Rfe8 17. e4 dxe4 18. Bxe4 Bxe4 19. Rxe4 Bf8 20. Qb2 Nc4 21.
Nxc4 Rxc4 22. Bd2 e6 23. Re5 Qb7 24. Qb5 Rec8 25. Rb1 R8c6 26. Ree1 h5 27. Qg5
Ra4 28. Rb2 Qd7 29. Qb5 Ra3 30. Qe2 Bg7 31. Rc1 Qd5 32. Rcc2 a6 33. f4 Ra4 34.
Be1 b5 35. Qg2 Qxg2+ 36. Kxg2 Rac4 37. Re2 Kf8 38. Kf3 Bf6 39. Ke4 Ke7 40. Rg2
Kd6 41. Rge2 Bd8 42. Re3 Ba5 43. Rb3 Ra4 44. Re2 f6 45. Rc2 e5 46. fxe5+ fxe5
47. Bf2 Ke6 48. Be3 Rac4 49. Rc1 Kd7 50. Kxe5 Bxc3 51. Ke4 Bxd4 52. Rxc4 bxc4
53. Rb7+ Kc8 54. Rb1 Bxe3 55. Kxe3 Kd7 56. Kd2 Ke6 57. Kc3 1/2-1/2

[Event "3FoglarVeterans_SIM_A"]
[Site "?"]
[Date "2007.??.??"]
[Round "?"]
[White "Peczkowski, Marek"]
[Black "Canibal, Jaromir"]
[Result "1/2-1/2"]
[WhiteElo "2345"]
[BlackElo "2179"]
[PlyCount "59"]
[EventDate "2007.??.??"]
[EventType "corr"]
[SourceDate "2007.04.06"]

1. e4 e5 2. Nf3 Nc6 3. Bb5 a6 4. Ba4 Nf6 5. O-O Be7 6. Re1 b5 7. Bb3 O-O 8. c3
d6 9. h3 Na5 10. Bc2 c5 11. d4 Qc7 12. Nbd2 cxd4 13. cxd4 Nc6 14. Nb3 a5 15.
Be3 a4 16. Nbd2 Qb7 17. Rc1 Bd7 18. Qe2 Rfc8 19. a3 h6 20. Bb1 b4 21. Bd3 exd4
22. Nxd4 d5 23. Nxc6 Rxc6 24. e5 Rxc1 25. Rxc1 bxa3 26. bxa3 Ne4 27. Bxe4 dxe4
28. Bc5 Qb2 29. Rb1 Qxe5 30. Qxe4 1/2-1/2

[Event "3FoglarVeterans_SIM_A"]
[Site "?"]
[Date "2007.??.??"]
[Round "?"]
[White "Ryska, Jiri"]
[Black "Sudnitsyn, Andrey V."]
[Result "1/2-1/2"]
[WhiteElo "2257"]
[BlackElo "2368"]
[PlyCount "49"]
[EventDate "2007.??.??"]
[EventType "corr"]
[SourceDate "2007.04.06"]

1. d4 Nf6 2. Nf3 g6 3. c4 Bg7 4. Nc3 O-O 5. e4 d6 6. Be2 Bg4 7. Be3 Nfd7 8. O-O
Nc6 9. d5 Bxf3 10. Bxf3 Na5 11. Be2 Bxc3 12. bxc3 e5 13. Bd3 b6 14. Bh6 Re8 15.
Qg4 Nc5 16. Be2 f6 17. Rfe1 Qd7 18. Qh4 Qe7 19. Rab1 g5 20. Qg4 Kh8 21. Qh3 Rg8
22. Bg4 Nxc4 23. Bf5 a5 24. Red1 Rab8 25. Qg4 1/2-1/2

[Event "3FoglarVeterans_SIM_A"]
[Site "?"]
[Date "2007.??.??"]
[Round "?"]
[White "Glembek, Bohumir"]
[Black "Canibal, Jaromir"]
[Result "0-1"]
[WhiteElo "2189"]
[BlackElo "2179"]
[PlyCount "94"]
[EventDate "2007.??.??"]
[EventType "corr"]
[SourceDate "2007.04.06"]

1. d4 Nf6 2. c4 g6 3. Nc3 Bg7 4. e4 d6 5. f4 O-O 6. Nf3 c5 7. d5 e6 8. Be2 exd5
9. exd5 Na6 10. O-O Re8 11. Bd3 Bd7 12. a3 Ng4 13. f5 gxf5 14. Kh1 Qf6 15. g3
b5 16. cxb5 Nc7 17. Bd2 Ne3 18. Bxe3 Rxe3 19. a4 Rae8 20. Nh4 R3e5 21. Qb3 Qh6
22. Ng2 Rb8 23. Rf4 Bf6 24. Raf1 Bg5 25. R4f3 Bf6 26. Bxf5 Bxf5 27. Rxf5 Rxf5
28. Rxf5 Qc1+ 29. Nd1 Bxb2 30. Rf1 Bg7 31. Qf3 Rf8 32. Nge3 Ne8 33. Qg4 Qd2 34.
Rf2 Qd4 35. Kg2 Nf6 36. Qxg7+ Kxg7 37. Nf5+ Kg6 38. Nxd4 cxd4 39. Rd2 Rc8 40.
Rxd4 Rc2+ 41. Kg1 Rc1 42. Kf2 Rc2+ 43. Kf3 Nd7 44. Ke3 Rxh2 45. Rg4+ Kf5 46.
Rg7 Kf6 47. Rxh7 Rxh7 0-1

[Event "3FoglarVeterans_SIM_A"]
[Site "?"]
[Date "2007.??.??"]
[Round "?"]
[White "Ryska, Jiri"]
[Black "Peczkowski, Marek"]
[Result "1/2-1/2"]
[WhiteElo "2257"]
[BlackElo "2345"]
[PlyCount "55"]
[EventDate "2007.??.??"]
[EventType "corr"]
[SourceDate "2007.04.06"]

1. Nf3 Nf6 2. d4 e6 3. Bg5 h6 4. Bxf6 Qxf6 5. e3 d5 6. c4 Nd7 7. Nc3 c6 8. Bd3
dxc4 9. Bxc4 g6 10. a4 Bg7 11. a5 O-O 12. O-O Qe7 13. Re1 c5 14. Qb3 Rb8 15.
Qa3 b6 16. a6 e5 17. Nb5 e4 18. Nxa7 exf3 19. Bd5 b5 20. Nxc8 Rbxc8 21. a7 Nb6
22. Bxf3 b4 23. Qa6 Na8 24. Rec1 Rc7 25. Rxc5 Rxc5 26. dxc5 Qxc5 27. Qe2 Rd8
28. g3 1/2-1/2

[Event "3FoglarVeterans_SIM_A"]
[Site "?"]
[Date "2007.??.??"]
[Round "?"]
[White "Canibal, Jaromir"]
[Black "Kostal, Jindrich"]
[Result "0-1"]
[WhiteElo "2179"]
[BlackElo "2385"]
[PlyCount "76"]
[EventDate "2007.??.??"]
[EventType "corr"]
[SourceDate "2007.04.06"]

1. e4 e5 2. Nf3 Nc6 3. Bb5 a6 4. Ba4 Nf6 5. O-O Be7 6. Re1 b5 7. Bb3 O-O 8. d4
d6 9. c3 Bg4 10. d5 Na5 11. Bc2 c6 12. h3 Bc8 13. dxc6 Qc7 14. Nbd2 Qxc6 15.
Nf1 Nc4 16. Ng3 Be6 17. Nf5 Bxf5 18. exf5 Rac8 19. Qe2 Rfe8 20. a4 d5 21. axb5
axb5 22. b3 Nd6 23. Bb2 Nd7 24. Red1 Bf6 25. Qd2 e4 26. Nd4 Bxd4 27. Qxd4 Nf6
28. g4 h5 29. Rd2 hxg4 30. hxg4 Rcd8 31. Bd1 e3 32. fxe3 Re4 33. Qa7 Nxg4 34.
Bc2 Ne5 35. Ra6 Qe8 36. Rxd6 Rg4+ 37. Kf2 Rxd6 38. Qe7 Qxe7 0-1

[Event "3FoglarVeterans_SIM_A"]
[Site "?"]
[Date "2007.??.??"]
[Round "?"]
[White "Glembek, Bohumir"]
[Black "Ryska, Jiri"]
[Result "1-0"]
[WhiteElo "2189"]
[BlackElo "2257"]
[PlyCount "103"]
[EventDate "2007.??.??"]
[EventType "corr"]
[SourceDate "2007.04.06"]

1. d4 Nf6 2. c4 Nc6 3. Nf3 e6 4. Nc3 Bb4 5. e3 d6 6. Bd2 O-O 7. Qc2 Re8 8. Bd3
e5 9. d5 e4 10. Nxe4 Bxd2+ 11. Kxd2 Nxe4+ 12. Bxe4 Nb4 13. Bxh7+ Kh8 14. Qc3
Nxd5 15. cxd5 Kxh7 16. h4 Bf5 17. g4 Be4 18. Ng5+ Kg8 19. f3 Bxd5 20. Qd3 c6
21. Qh7+ Kf8 22. Qh8+ Ke7 23. Qxg7 Qa5+ 24. Qc3 Qxc3+ 25. bxc3 Kf8 26. a3 Kg7
27. e4 Bc4 28. Nh3 d5 29. Ke3 dxe4 30. fxe4 Re7 31. Kf4 Rd8 32. Rad1 Red7 33.
Rxd7 Rxd7 34. Ng5 f6 35. Nf3 Rd3 36. g5 Rxc3 37. gxf6+ Kxf6 38. h5 Kg7 39. h6+
Kh7 40. Ng5+ Kh8 41. Rd1 Rd3 42. Rxd3 Bxd3 43. e5 c5 44. Ne4 Bc4 45. Nxc5 b6
46. Ne4 a5 47. Ng5 b5 48. e6 b4 49. e7 Bb5 50. axb4 axb4 51. Ke3 b3 52. Kd2 1-0